00553nam a22001697a 450000500170000001000170001702000260003403500170006003700170007708200150009410000160010924500750012526000440020027001100024430000100035450000190036420140623114804.0 aB-505418-421 a9789380731759c875.00 aB-505418-421 adplbKKP/Ven a361.770954 aReddy, S.K. aHow to start an NGO in India:bproblems and perspective/cby S.K.Reddy aDelhibNavyug Books Internationalc2012 aL-21/1, Street No.5, Shivaji Marg, Near Kali Mandir, J.P.Nagar, Kartar Nagar, West Ghonda,bDelhie110053 a280p. aincludes index